logo

Bir Sreshtho Munshi Abdur Rouf Library
Jhenaidah Cadet College

স্বাধীনতা সংগ্রামে চট্টগ্রাম / (Record no. 727)

MARC details
000 -LEADER
fixed length control field 00726nam a2200205 a 4500
003 - CONTROL NUMBER IDENTIFIER
JCCL marc code BD-JhCC
005 - DATE AND TIME OF LATEST TRANSACTION
control field 20171009132723.0
008 - FIXED-LENGTH DATA ELEMENTS--GENERAL INFORMATION
fixed length control field 171009s1376 bg a|||| ||a| 00| 0 eng d
035 ## - SYSTEM CONTROL NUMBER
system control number (BD-JhCC)
040 ## - CATALOGING SOURCE
Original cataloging agency BD-JhCC
Modifying agency BD-JhCC
041 ## - LANGUAGE CODE
Language code of Book ben
082 ## - DEWEY DECIMAL CLASSIFICATION NUMBER
Classification number 954.9205
Author mark and Year DAS 1376
100 ## - MAIN ENTRY--PERSONAL NAME
Personal name দস্তিদার, পূর্ণেন্দু
245 ## - TITLE STATEMENT
Title স্বাধীনতা সংগ্রামে চট্টগ্রাম /
Statement of responsibility, etc পূর্ণেন্দু দস্তিদার,
260 ## - PUBLICATION, DISTRIBUTION, ETC. (IMPRINT)
Place of publication, distribution, etc চট্টগ্রাম:
Name of publisher, distributor, etc বইঘর প্রকাশনা;
Date of publication, distribution, etc 1376
300 ## - PHYSICAL DESCRIPTION
Pagination 300 p.;
Dimensions 22cm.
650 ## - SUBJECT ADDED ENTRY--TOPICAL TERM
Topical term or geographic name as entry element Liberation War, 1971
General subdivision History
Geographic subdivision Bangladesh
942 ## - ADDED ENTRY ELEMENTS (KOHA)
Source of classification or shelving scheme Dewey Decimal Classification
Koha item type Books

No items available.


JCC Library | Contacts | JCC Home

Last Update on 23 September 2017
Copyright @ 2017-2020 JCC Rouf Library
Rouf Library, Jhenidah Cadet College (JCC), Bangladesh